[Event "New Zealand Major Open 2016"]
[Site "Devonport, Auckland NZL"]
[Date "2016.01.06"]
[Round "5.2"]
[White "Kumar, Vinod"]
[Black "Goh, Sean Christian"]
[Result "1/2-1/2"]
[WhiteElo "1939"]
[BlackElo "1739"]
[PlyCount "108"]
[EventDate "2016.01.02"]

1. d4 d5 2. c4 e6 3. Nc3 Nf6 4. Nf3 c6 5. Bg5 Nbd7 6. cxd5 exd5 7. e3 Qa5 8.
Bd3 Bb4 9. Qc2 O-O 10. O-O h6 11. Bh4 b6 12. Bxf6 Nxf6 13. Ne5 Bb7 14. Ne2 Ba6
15. Nxc6 Rac8 16. Nxa5 Rxc2 17. Bxa6 bxa5 18. a3 Bd6 19. Rfb1 Rb8 20. b3 Rb6
21. Bd3 Rd2 22. Rd1 Rxd1+ 23. Rxd1 Rxb3 24. a4 Ra3 25. Bb5 Bb4 26. g3 Ra2 27.
f3 a6 28. Bxa6 Rxa4 29. Nf4 Ra3 30. Nd3 Ra2 31. Nxb4 axb4 32. Bd3 b3 33. Rb1 b2
34. Kf2 Nd7 35. Bc2 Nf6 36. h4 g5 37. hxg5 hxg5 38. g4 Kg7 39. Bb3 Ra1 40. Rxb2
Rh1 41. Rc2 Rh2+ 42. Kg3 Rxc2 43. Bxc2 Nd7 44. e4 dxe4 45. fxe4 f6 46. Ba4 Nb6
47. Bb3 Kf8 48. Kf3 Ke7 49. e5 fxe5 50. d5 Nd7 51. Ke3 Nc5 52. Bc4 Kd6 53. Ba2
Na4 54. Kd3 Nc5+ 1/2-1/2

[Event "New Zealand Major Open 2016"]
[Site "Devonport, Auckland NZL"]
[Date "2016.01.06"]
[Round "5.3"]
[White "Krstev, Antonio"]
[Black "Bryan, Jason"]
[Result "1-0"]
[WhiteElo "2046"]
[BlackElo "1833"]
[PlyCount "85"]
[EventDate "2016.01.02"]

1. d4 d5 2. c4 c6 3. Nc3 Nf6 4. Nf3 e6 5. e3 Be7 6. Bd3 dxc4 7. Bxc4 b5 8. Bd3
Nbd7 9. a3 Bb7 10. Bd2 a6 11. b4 a5 12. Ne2 Bd6 13. Ng3 axb4 14. axb4 e5 15.
Nf5 Bc7 16. Nxg7+ Kf8 17. Rxa8 Bxa8 18. Nf5 e4 19. Be2 Nd5 20. N3h4 Ne7 21. Ng3
Nf6 22. O-O Qd5 23. f4 Rg8 24. Qb1 Bb7 25. Bd1 Bc8 26. Bc2 Rg4 27. Nxe4 Nxe4
28. Bxe4 Qh5 29. Nf3 f5 30. Bd3 Qg6 31. Rf2 c5 32. dxc5 Bb7 33. Qf1 Nd5 34.
Bxb5 Bxf4 35. exf4 Ne7 36. Ne5 Qe6 37. Bc4 Qh6 38. Nxg4 fxg4 39. f5 Qc6 40. Bg5
Nd5 41. Qa1 Kg8 42. Rd2 Qe8 43. Rxd5 1-0

[Event "New Zealand Major Open 2016"]
[Site "Devonport, Auckland NZL"]
[Date "2016.01.06"]
[Round "5.4"]
[White "Rains, Timothy"]
[Black "Wells, Clinton A"]
[Result "0-1"]
[WhiteElo "1819"]
[BlackElo "1931"]
[PlyCount "124"]
[EventDate "2016.01.02"]

1. d4 Nf6 2. c4 g6 3. Nc3 Bg7 4. e4 d6 5. Be3 O-O 6. Bd3 e5 7. d5 a5 8. Nge2
Nbd7 9. f3 h5 10. Qd2 c6 11. Bc2 cxd5 12. exd5 Nc5 13. Bg5 Bd7 14. Rb1 Qc8 15.
O-O Re8 16. Ng3 Nh7 17. Bh6 f5 18. Bxg7 Kxg7 19. Kh1 Na6 20. b3 Nb4 21. Bd1 Qd8
22. a3 Na6 23. Bc2 h4 24. Nge2 Qg5 25. Qxg5 Nxg5 26. f4 Nf7 27. fxe5 Rxe5 28.
Nd4 Rh8 29. h3 Nc5 30. Nf3 Re3 31. Nd1 Re2 32. Nd4 Re7 33. Nf2 Ng5 34. Rfe1
Rhe8 35. Rxe7+ Rxe7 36. Kg1 Nce4 37. Nxe4 Nxe4 38. Re1 Kf6 39. Bxe4 Rxe4 40.
Rxe4 fxe4 41. Kf2 Ke5 42. Ke3 Bc8 43. a4 Bd7 44. Ne2 Be8 45. Nc3 Bd7 46. Nxe4
Bf5 47. Nd2 Bc2 48. Nf3+ Kf6 49. Nd4 Bd1 50. Kd2 Ke5 51. Ne6 Bxb3 52. Nd8 Bxc4
53. Nxb7 Bxd5 54. Nxa5 Kd4 55. Kc2 Ke3 56. Nb3 Bxg2 57. a5 Bxh3 58. a6 Bg2 59.
a7 h3 60. Nd2 Kf2 61. Kd3 h2 62. Nf3 Bxf3 0-1

[Event "New Zealand Major Open 2016"]
[Site "Devonport, Auckland NZL"]
[Date "2016.01.06"]
[Round "5.6"]
[White "Jacobs, Hilton J"]
[Black "Eade, Don"]
[Result "0-1"]
[WhiteElo "1704"]
[BlackElo "1874"]
[PlyCount "50"]
[EventDate "2016.01.02"]

1. d4 Nf6 2. c4 g6 3. Nc3 Bg7 4. e4 d6 5. Nf3 O-O 6. Be2 e5 7. d5 a5 8. Bg5 Na6
9. a3 Bd7 10. O-O Qe8 11. Nd2 a4 12. Kh1 Nc5 13. Be3 Qe7 14. Bg5 h6 15. Be3 Ne8
16. Qc2 f5 17. Bxc5 dxc5 18. exf5 gxf5 19. f3 Nf6 20. Bd3 Nh5 21. Rfe1 Qh4 22.
Nb5 c6 23. Nd6 e4 24. fxe4 Ng3+ 25. Kg1 Bd4+ 0-1

[Event "New Zealand Major Open 2016"]
[Site "Devonport, Auckland NZL"]
[Date "2016.01.06"]
[Round "5.7"]
[White "Aldridge, Alan L"]
[Black "Wang, Aaron Ziwen"]
[Result "1-0"]
[WhiteElo "1865"]
[BlackElo "1597"]
[PlyCount "119"]
[EventDate "2016.01.02"]

1. d4 Nf6 2. c4 g6 3. Nc3 Bg7 4. e4 d6 5. f3 O-O 6. Be3 e5 7. Nge2 Nc6 8. Qd2
Ne8 9. g4 Qf6 10. Bg2 exd4 11. Nd5 Qd8 12. Nxd4 Ne5 13. Rc1 Nf6 14. Bg5 Be6 15.
b3 c6 16. Nc3 Qd7 17. O-O d5 18. cxd5 cxd5 19. f4 Nexg4 20. f5 dxe4 21. fxe6
fxe6 22. Rcd1 Rad8 23. h3 e3 24. Qe2 Qc7 25. hxg4 Qxc3 26. Nxe6 Rxd1 27. Qxd1
Rf7 28. Nxg7 Kxg7 29. Qe1 Qe5 30. Bxf6+ Rxf6 31. Rxf6 Kxf6 32. Bxb7 Qf4 33. Qf1
Kg5 34. Qxf4+ Kxf4 35. Bc8 h5 36. gxh5 gxh5 37. Kf1 Ke4 38. Ke2 h4 39. Be6 Kd4
40. Bg4 Ke4 41. b4 Kd4 42. b5 Ke4 43. a4 Kd4 44. Bh3 Kc5 45. Kxe3 Kb6 46. Bf1
Ka5 47. Kf3 Kxa4 48. Kg4 h3 49. Kxh3 Ka5 50. Kg3 Kb6 51. Kf4 Kc5 52. Ke5 Kb6
53. Kd6 Kb7 54. Kc5 Kc7 55. Kb4 Kb6 56. Ka4 Kb7 57. Ka5 Kc7 58. Ka6 Kb8 59. Bg2
Kc7 60. Kxa7 1-0

[Event "New Zealand Major Open 2016"]
[Site "Devonport, Auckland NZL"]
[Date "2016.01.06"]
[Round "5.8"]
[White "Gallage K G, Roshan"]
[Black "Cooper, Nigel"]
[Result "0-1"]
[WhiteElo "1800"]
[BlackElo "1692"]
[PlyCount "62"]
[EventDate "2016.01.02"]

1. e4 Nc6 2. d4 e5 3. c3 Nf6 4. Bg5 exd4 5. cxd4 h6 6. Bxf6 Qxf6 7. Nf3 Bb4+ 8.
Nc3 O-O 9. Be2 d6 10. O-O Re8 11. Nd5 Qd8 12. Bb5 Ba5 13. b4 Bb6 14. Nxb6 cxb6
15. Bxc6 bxc6 16. Qd3 a5 17. a3 Ba6 18. Qc2 Bxf1 19. Rxf1 axb4 20. axb4 c5 21.
bxc5 dxc5 22. dxc5 bxc5 23. Qxc5 Rxe4 24. g3 Rea4 25. h4 Ra1 26. Nh2 Rxf1+ 27.
Nxf1 Ra1 28. Kg2 Qa8+ 29. Kg1 Qa6 30. Kg2 Qxf1+ 31. Kf3 Qa6 0-1

[Event "New Zealand Major Open 2016"]
[Site "Devonport, Auckland NZL"]
[Date "2016.01.06"]
[Round "5.9"]
[White "Goh, Ethan"]
[Black "Michael, Andrew"]
[Result "0-1"]
[WhiteElo "1668"]
[BlackElo "1741"]
[PlyCount "136"]
[EventDate "2016.01.02"]

1. e4 c5 2. Nf3 d6 3. Bb5+ Nc6 4. O-O Bd7 5. Re1 a6 6. Bxc6 Bxc6 7. Nc3 e6 8.
d3 Nf6 9. h3 Be7 10. Bf4 O-O 11. e5 Nd5 12. exd6 Nxf4 13. dxe7 Qxe7 14. Ne4 b5
15. Ne5 Bb7 16. Qf3 Nd5 17. c4 Nb4 18. Qe2 Rad8 19. a3 Nc6 20. Nxc6 Bxc6 21.
Qc2 f5 22. Ng3 Qd6 23. Rad1 Rf6 24. Qe2 Rg6 25. Qe5 Qd4 26. Qxd4 cxd4 27. b4
bxc4 28. dxc4 d3 29. Rd2 Rd4 30. Re3 f4 31. Rexd3 Rxd3 32. Rxd3 fxg3 33. fxg3
e5 34. Rd8+ Kf7 35. Rc8 Re6 36. Rc7+ Kf6 37. Ra7 Be8 38. g4 h6 39. h4 e4 40.
Kf2 e3+ 41. Ke2 Bc6 42. g5+ hxg5 43. hxg5+ Kg6 44. Rxa6 Bf3+ 45. gxf3 Rxa6 46.
Kxe3 Rxa3+ 47. Kd4 Rxf3 48. c5 Rf4+ 49. Kc3 Kf7 50. Kb3 Ke7 51. Ka4 Kd7 52. Kb5
Kc7 53. g6 Rf6 54. Kc4 Rxg6 55. b5 Rg1 56. Kd5 Rd1+ 57. Kc4 g5 58. c6 Kb6 59.
Kc3 g4 60. Kc2 Rd5 61. Kc3 g3 62. Kc4 Rd1 63. Kb4 g2 64. c7 Kxc7 65. Ka5 Kb7
66. Ka4 Rb1 67. b6 g1=Q 68. Ka3 Qxb6 0-1

[Event "New Zealand Major Open 2016"]
[Site "Devonport, Auckland NZL"]
[Date "2016.01.06"]
[Round "5.10"]
[White "Pakenham, John"]
[Black "Tan, Teck Woon"]
[Result "1-0"]
[WhiteElo "1733"]
[BlackElo "1505"]
[PlyCount "69"]
[EventDate "2016.01.02"]

1. d4 Nf6 2. c4 e6 3. Nc3 Bb4 4. Qc2 c5 5. a3 Bxc3+ 6. bxc3 d5 7. e3 Nc6 8. Nf3
O-O 9. Bd3 Na5 10. cxd5 c4 11. Be2 exd5 12. h3 Ne4 13. O-O Bf5 14. Qb2 Nb3 15.
Ra2 Qa5 16. Nd2 Nxc3 17. Nxb3 cxb3 18. Qxb3 Nxa2 19. Qxa2 Rac8 20. Bd2 Rc2 21.
Qxc2 Bxc2 22. Bxa5 b6 23. Bb4 Re8 24. Bb5 Rd8 25. Rc1 Bb3 26. Rc7 a5 27. Be7
Rb8 28. Bc6 h6 29. Rd7 Kh7 30. Bxd5 Ba4 31. Rb7 Re8 32. Bxf7 Rc8 33. Rxb6 Rc7
34. Bg6+ Kg8 35. Rb8+ 1-0

[Event "New Zealand Major Open 2016"]
[Site "Devonport, Auckland NZL"]
[Date "2016.01.06"]
[Round "5.11"]
[White "Li, Rodney Xiang Rei"]
[Black "Booth, Anthony J"]
[Result "0-1"]
[WhiteElo "1479"]
[BlackElo "1766"]
[PlyCount "90"]
[EventDate "2016.01.02"]

1. e4 c5 2. Nf3 d6 3. d4 cxd4 4. Nxd4 Nc6 5. Nc3 a6 6. Be3 g6 7. Qd2 Bg7 8.
O-O-O Nf6 9. f3 O-O 10. g4 Nxd4 11. Bxd4 b5 12. Bd3 Bb7 13. h4 h5 14. gxh5 Nxh5
15. Bxg7 Kxg7 16. Rdg1 e6 17. f4 Rh8 18. f5 exf5 19. Rh3 fxe4 20. Bxe4 Bxe4 21.
Nxe4 d5 22. Nc3 d4 23. Ne2 Qd5 24. Qxd4+ Qxd4 25. Nxd4 Nf4 26. Rh2 Rae8 27. Kd2
Re4 28. Nf5+ Kf6 29. Ng3 Rd8+ 30. Kc1 Re3 31. h5 gxh5 32. Nxh5+ Ke5 33. Nxf4
Kxf4 34. Rf2+ Rf3 35. Rgf1 Rxf2 36. Rxf2+ Ke3 37. Rxf7 Ke2 38. Re7+ Kf3 39. Re6
a5 40. Re5 Rb8 41. c4 bxc4 42. Rxa5 Ke3 43. Rd5 Ke4 44. Rd2 Ke3 45. Kc2 Rxb2+
0-1

[Event "New Zealand Major Open 2016"]
[Site "Devonport, Auckland NZL"]
[Date "2016.01.06"]
[Round "5.12"]
[White "Chandraveer, Singh Chauhan"]
[Black "Picken, Oliver"]
[Result "0-1"]
[WhiteElo "1750"]
[BlackElo "1480"]
[PlyCount "70"]
[EventDate "2016.01.02"]

1. e4 c5 2. Nf3 d6 3. Bc4 a6 4. Nc3 Nf6 5. h3 Nbd7 6. O-O e6 7. d3 h6 8. Re1 b6
9. a3 Ne5 10. Nxe5 dxe5 11. Be3 Bb7 12. f4 exf4 13. Bxf4 g5 14. Be5 Rg8 15. Rf1
Nd7 16. Bg3 b5 17. Qf3 Qe7 18. Ba2 O-O-O 19. Kh1 f5 20. Bh2 Bg7 21. Rae1 f4 22.
Bg1 Bf8 23. Qg4 Re8 24. d4 c4 25. b3 Qxa3 26. Rf3 b4 27. bxc4 bxc3 28. Bb3 Nf6
29. Qxe6+ Rxe6 30. c5 Rxe4 31. Rxe4 Bxe4 32. Rxc3 Qb4 33. Be6+ Kd8 34. Rb3 Qd2
35. Bxg8 Qxg2# 0-1

[Event "New Zealand Major Open 2016"]
[Site "Devonport, Auckland NZL"]
[Date "2016.01.06"]
[Round "5.13"]
[White "Zhang, Leo Li Ao"]
[Black "Mukkattu, Philip"]
[Result "0-1"]
[WhiteElo "1361"]
[BlackElo "1733"]
[PlyCount "84"]
[EventDate "2016.01.02"]

1. d4 d5 2. Nf3 c5 3. c3 cxd4 4. Nxd4 e5 5. Nf3 Nc6 6. Nbd2 Nf6 7. Nb3 Be7 8.
Bg5 h6 9. Bh4 O-O 10. Bg3 Bd6 11. e3 a6 12. Bh4 Be6 13. Be2 Be7 14. Bg3 Bd6 15.
h3 Re8 16. O-O Ne4 17. Bh2 f5 18. Bd3 Ng5 19. Nxg5 Qxg5 20. Bc2 f4 21. exf4
exf4 22. Re1 Bxh3 23. Rxe8+ Rxe8 24. Qf3 Bg4 25. Qd3 Re2 26. f3 Rxg2+ 27. Kh1
Rxc2 28. fxg4 Rxb2 29. Rd1 f3 30. Qxd5+ Qxd5 31. Rxd5 Rxh2+ 32. Kg1 Rg2+ 33.
Kf1 Bg3 34. Rd2 Rxd2 35. Nxd2 Ne5 36. a4 Kf7 37. Kg1 g6 38. c4 h5 39. gxh5 gxh5
40. c5 f2+ 41. Kg2 h4 42. Nf1 Nd3 0-1

[Event "New Zealand Major Open 2016"]
[Site "Devonport, Auckland NZL"]
[Date "2016.01.06"]
[Round "5.14"]
[White "Charles, Dion"]
[Black "Blackmore, Matthew"]
[Result "1-0"]
[WhiteElo "1629"]
[BlackElo "1279"]
[PlyCount "117"]
[EventDate "2016.01.02"]

1. e4 e5 2. Nf3 Nc6 3. Bb5 a6 4. Ba4 b5 5. Bb3 Be7 6. O-O Nf6 7. Re1 O-O 8. c3
d6 9. h3 Na5 10. Bc2 c5 11. d4 cxd4 12. cxd4 Qc7 13. Nbd2 Re8 14. Nf1 h6 15.
Ng3 Bd7 16. b3 Rac8 17. Re2 Bd8 18. Ba3 Nc6 19. d5 Ne7 20. Rc1 Qb8 21. Bd3 Bb6
22. Rec2 Ng6 23. Bf1 Red8 24. Qd2 a5 25. Rxc8 Rxc8 26. Rxc8+ Bxc8 27. Bxb5 Nd7
28. Bxd7 Bxd7 29. Qc2 Nf4 30. Nd2 Bb5 31. Nc4 Bc7 32. Nf5 Bxc4 33. Qxc4 Qd8 34.
Kf1 Kh7 35. Qc6 Qg5 36. Ng3 Nd3 37. Qc3 Nc5 38. Bxc5 dxc5 39. Qe3 Qg6 40. Qxc5
Qa6+ 41. Qc4 Qa7 42. Qc2 Qd4 43. Nf5 Qb6 44. Qc4 g6 45. Ne7 Kg7 46. Nc6 Bd6 47.
Qc3 Qc7 48. Qxa5 Qb7 49. g3 Qd7 50. Kg2 h5 51. Qd8 Qxd8 52. Nxd8 Kf8 53. Nc6
Ke8 54. b4 Kd7 55. a4 f6 56. a5 Bc7 57. b5 Kc8 58. b6 Bd6 59. a6 1-0

[Event "New Zealand Major Open 2016"]
[Site "Devonport, Auckland NZL"]
[Date "2016.01.06"]
[Round "5.15"]
[White "Calitz, Hananke"]
[Black "Mallela, Raivath"]
[Result "1/2-1/2"]
[WhiteElo "1612"]
[BlackElo "1265"]
[PlyCount "67"]
[EventDate "2016.01.02"]

1. d4 d5 2. Nf3 Nf6 3. e3 Bf5 4. c3 c6 5. Bd3 Bxd3 6. Qxd3 e6 7. Nbd2 Bd6 8.
O-O O-O 9. e4 dxe4 10. Nxe4 Nxe4 11. Qxe4 Nd7 12. Bg5 Be7 13. Bxe7 Qxe7 14.
Rae1 Nf6 15. Qd3 Rad8 16. h3 c5 17. Re2 cxd4 18. Nxd4 Nd5 19. f4 Qf6 20. Qf3
Rfe8 21. Re5 h6 22. Re2 b6 23. g4 Nb4 24. Nxe6 Rxe6 25. cxb4 Rxe2 26. Qxe2 Qd4+
27. Kh1 Qd5+ 28. Kg1 Qd4+ 29. Qf2 Qxb4 30. a3 Qd4 31. Qxd4 Rxd4 32. Rf2 Kf8 33.
f5 Ke7 34. Re2+ 1/2-1/2

[Event "New Zealand Major Open 2016"]
[Site "Devonport, Auckland NZL"]
[Date "2016.01.06"]
[Round "5.16"]
[White "Qin, Nicole Shu Yu"]
[Black "Meng, Richard"]
[Result "0-1"]
[WhiteElo "1329"]
[BlackElo "1525"]
[PlyCount "116"]
[EventDate "2016.01.02"]

1. d4 Nf6 2. Nc3 d5 3. Qd3 Nc6 4. a3 g6 5. Nf3 Bf5 6. Qd1 Bg7 7. e3 O-O 8. Bd3
Qd7 9. O-O Rfe8 10. Bxf5 Qxf5 11. h3 e5 12. dxe5 Nxe5 13. Nxe5 Qxe5 14. Qd3
Rad8 15. Ne2 Ne4 16. Nd4 Qe7 17. Rb1 c5 18. Ne2 c4 19. Qd1 Qd6 20. f3 Ng3 21.
Nxg3 Qxg3 22. c3 Be5 23. f4 Bc7 24. Rf3 Qh4 25. Bd2 Bb6 26. Kh2 Re4 27. g3 Qe7
28. Qg1 Re8 29. Re1 d4 30. cxd4 Bxd4 31. exd4 Rxe1 32. Bxe1 Qxe1 33. Qxe1 Rxe1
34. Rf2 Rd1 35. Rc2 Rxd4 36. Kg2 Re4 37. Kf3 f5 38. g4 Kf7 39. gxf5 gxf5 40.
Rc3 Ke6 41. Rc2 b5 42. Rd2 a5 43. Rd8 b4 44. axb4 axb4 45. Rb8 b3 46. h4 h5 47.
Rh8 Kd6 48. Rd8+ Kc7 49. Rd5 Kc6 50. Rd1 Kc5 51. Rf1 Kb4 52. Rc1 Rd4 53. Ke3
Rd3+ 54. Ke2 Rh3 55. Kf2 Rxh4 56. Ke3 Rh2 57. Kd4 Rc2 58. Rb1 h4 0-1

[Event "New Zealand Major Open 2016"]
[Site "Devonport, Auckland NZL"]
[Date "2016.01.06"]
[Round "5.17"]
[White "Hooton, Barry R"]
[Black "Steadman, Mathew"]
[Result "1-0"]
[WhiteElo "1593"]
[BlackElo "1473"]
[PlyCount "55"]
[EventDate "2016.01.02"]

1. d4 f5 2. Nf3 d6 3. g3 Nf6 4. Bg2 g6 5. c4 Bg7 6. Nc3 O-O 7. Bf4 c6 8. O-O
Qe8 9. Qd2 Nbd7 10. Rfe1 e5 11. dxe5 dxe5 12. Bh6 Nc5 13. Bxg7 Kxg7 14. Qd6
Ncd7 15. Ng5 Nb6 16. b3 h6 17. Nf3 Nbd7 18. e4 Rf7 19. exf5 gxf5 20. Nxe5 Re7
21. Nf3 Ne4 22. Qd4+ Ndf6 23. Nxe4 Rxe4 24. Rxe4 Qxe4 25. Re1 Qc2 26. Re7+ Kg6
27. Nh4+ Kg5 28. Rg7+ 1-0

[Event "New Zealand Major Open 2016"]
[Site "Devonport, Auckland NZL"]
[Date "2016.01.06"]
[Round "5.18"]
[White "Li, Leo Xiang Yu"]
[Black "Yan, Sarah"]
[Result "0-1"]
[WhiteElo "1222"]
[BlackElo "1362"]
[PlyCount "64"]
[EventDate "2016.01.02"]

1. e4 e6 2. d4 d5 3. Nc3 Nf6 4. e5 Nfd7 5. Bd3 c5 6. Be3 Qb6 7. Nf3 Nc6 8. Be2
Qxb2 9. Na4 Qb4+ 10. c3 Qa5 11. Qc2 cxd4 12. Nxd4 Ncxe5 13. O-O a6 14. Nb2 Nf6
15. f4 Ned7 16. Nd3 Ne4 17. Rac1 Ba3 18. Rb1 Nxc3 19. Bd2 Nxe2+ 20. Nxe2 Bc5+
21. Kh1 Qc7 22. Rfc1 b6 23. Nxc5 bxc5 24. Be3 c4 25. Bd4 O-O 26. Qc3 f6 27. Qe3
Re8 28. Nc3 Bb7 29. Rb4 e5 30. fxe5 fxe5 31. Rcb1 exd4 32. Rxb7 Qxb7 0-1

[Event "New Zealand Major Open 2016"]
[Site "Devonport, Auckland NZL"]
[Date "2016.01.06"]
[Round "5.19"]
[White "Barry, Jacob"]
[Black "Sharma, Akshay"]
[Result "0-1"]
[WhiteElo "911"]
[BlackElo "1361"]
[PlyCount "106"]
[EventDate "2016.01.02"]

1. e4 e6 2. d4 d5 3. exd5 exd5 4. Nc3 Bb4 5. Bd2 Nf6 6. Qe2+ Be6 7. O-O-O Nc6
8. Nf3 Qd7 9. Qb5 O-O-O 10. Ne5 Nxe5 11. Qxb4 Nc6 12. Qa4 Ne4 13. Nxe4 dxe4 14.
Bb5 a6 15. Bxa6 bxa6 16. Qxa6+ Kb8 17. d5 Qxd5 18. Be3 Qxa2 19. Rxd8+ Rxd8 20.
Qxa2 Bxa2 21. b3 Bxb3 22. cxb3 Nb4 23. Rd1 Rxd1+ 24. Kxd1 Kb7 25. f3 exf3 26.
gxf3 Kc6 27. h4 g6 28. Kd2 f5 29. Bf4 Nd5 30. Bh2 Kb5 31. Kd3 c5 32. Bd6 Kb4
33. Bf8 Nf4+ 34. Kd2 Ne6 35. Bd6 Kxb3 36. Bxc5 Nxc5 37. Ke3 Kc3 38. Kf4 Kd3 39.
Kg5 Ke3 40. h5 Ne6+ 41. Kh4 g5+ 42. Kg3 h6 43. Kg2 Nd4 44. Kg3 Nxf3 45. Kg2 g4
46. Kf1 f4 47. Kg2 Ne5 48. Kf1 Kf3 49. Kg1 Kg3 50. Kh1 Nc4 51. Kg1 Ne3 52. Kh1
f3 53. Kg1 f2+ 0-1

[Event "New Zealand Major Open 2016"]
[Site "Devonport, Auckland NZL"]
[Date "2016.01.06"]
[Round "5.20"]
[White "Fu, Alex"]
[Black "Zhang, Jennifer"]
[Result "0-1"]
[WhiteElo "1034"]
[BlackElo "1356"]
[PlyCount "152"]
[EventDate "2016.01.02"]

1. d4 d5 2. c3 c5 3. e3 Nc6 4. Nf3 Bf5 5. Nbd2 Nf6 6. Nb3 c4 7. Nc5 b6 8. Na4
e6 9. b3 b5 10. Nb2 Ne4 11. Nd2 Nxc3 12. Qf3 Ne4 13. Nxe4 Bxe4 14. Qe2 Bb4+ 15.
Bd2 c3 16. Qxb5 cxd2+ 17. Kd1 Qc7 18. a3 Bc3 19. Ra2 O-O 20. Bd3 Bxb2 21. Bxe4
Bc3 22. Rc2 dxe4 23. Rxc3 Rfc8 24. Qa4 Qb6 25. Kxd2 Na5 26. Rhc1 Rxc3 27. Rxc3
Rd8 28. b4 e5 29. bxa5 Qf6 30. Ke2 exd4 31. exd4 h6 32. Rc4 Qg5 33. g3 Qh5+ 34.
Kd2 Qxh2 35. Ke3 Qg2 36. Qd1 Rb8 37. Rb4 Rc8 38. Rb3 Qh2 39. d5 Rd8 40. d6 Kf8
41. Rb7 Qh3 42. Rxa7 Qc8 43. Qb3 Qc5+ 44. Kxe4 Qxa7 45. Qb6 Qxb6 46. axb6 Rxd6
47. b7 Rb6 48. Kd5 Rxb7 49. Kc5 Ke7 50. a4 Kf6 51. a5 Kf5 52. f3 Rb3 53. a6
Rxf3 54. a7 Ra3 55. Kb6 Kg4 56. Kb7 Kxg3 57. a8=Q Rxa8 58. Kxa8 f5 59. Kb7 f4
60. Kc6 f3 61. Kd5 f2 62. Ke6 f1=Q 63. Ke5 Qf6+ 64. Ke4 Qf4+ 65. Kd5 Qe3 66.
Kc4 Qd2 67. Kc5 Qd3 68. Kc6 Qd4 69. Kc7 Kf4 70. Kc6 Ke5 71. Kb5 Qc3 72. Kb6 Qc4
73. Kb7 Kd6 74. Ka7 Qb5 75. Ka8 Kc7 76. Ka7 Qb7# 0-1

[Event "New Zealand Major Open 2016"]
[Site "Devonport, Auckland NZL"]
[Date "2016.01.06"]
[Round "5.21"]
[White "Braganza, Nadia"]
[Black "Zhang, Toby"]
[Result "1/2-1/2"]
[WhiteElo "1129"]
[BlackElo "937"]
[PlyCount "100"]
[EventDate "2016.01.02"]

1. e4 c5 2. Nf3 e6 3. d4 cxd4 4. Nxd4 a6 5. Nc3 Qc7 6. Be2 b5 7. a3 Bb7 8. O-O
Nc6 9. Nxc6 Bxc6 10. Qd4 Ne7 11. Be3 Bb7 12. Qb6 Qxb6 13. Bxb6 Ng6 14. Rad1 Rc8
15. Bf3 Bxa3 16. Nxb5 axb5 17. bxa3 Rxc2 18. Ba5 O-O 19. Rxd7 Ba6 20. Rfd1 h6
21. R7d6 Ra8 22. Rd8+ Rxd8 23. Rxd8+ Kh7 24. h3 Rc6 25. Kh2 Ne5 26. Be2 Nc4 27.
Bb4 Rc8 28. Rxc8 Bxc8 29. Kg1 Bb7 30. f3 Bc6 31. Kf2 f5 32. exf5 exf5 33. Bxc4
bxc4 34. Ke3 Bd5 35. Kd4 Bf7 36. a4 Kg6 37. a5 Be8 38. Kxc4 Bc6 39. a6 Kf6 40.
Kc5 Ba8 41. Kb6 Ke5 42. Kc7 g5 43. Kb8 Bd5 44. a7 g4 45. a8=Q Bxa8 46. Kxa8
gxf3 47. gxf3 Kf4 48. Bd2+ Kxf3 49. Bxh6 Kg3 50. Kb7 Kxh3 1/2-1/2

[Event "New Zealand Major Open 2016"]
[Site "Devonport, Auckland NZL"]
[Date "2016.01.06"]
[Round "5.22"]
[White "Ang, Beatrice Sze Ning"]
[Black "Song, Kate"]
[Result "0-1"]
[WhiteElo "1072"]
[BlackElo "1587"]
[PlyCount "110"]
[EventDate "2016.01.02"]

1. e4 e6 2. Nf3 d5 3. exd5 exd5 4. Qe2+ Be7 5. d4 Nf6 6. Nc3 O-O 7. Qd1 Re8 8.
Be2 Bg4 9. O-O c5 10. dxc5 Bxc5 11. h3 Bh5 12. Re1 Nc6 13. Bg5 Bb4 14. a3 Bxc3
15. bxc3 h6 16. Bxf6 Qxf6 17. Qd2 Rad8 18. Bd1 Re6 19. Rxe6 Qxe6 20. Qe3 Qxe3
21. fxe3 Re8 22. Kf2 Na5 23. g4 Bg6 24. Nd2 Rc8 25. h4 Rxc3 26. Ra2 f6 27. h5
Bf7 28. Bf3 d4 29. exd4 Bxa2 30. Ne4 Rxc2+ 31. Kg3 Nc6 32. Nd6 Nxd4 33. Bxb7
Rc3+ 34. Kf4 Ne2+ 35. Kf5 Bb1+ 36. Be4 Ng3+ 37. Kf4 Nxe4 38. Nxe4 Bxe4 39. Kxe4
Kf7 40. Kd4 Rxa3 41. Kd5 Ke7 42. Ke4 Ke6 43. Kd4 Ra4+ 44. Ke3 Ke5 45. Kd3 a5
46. Kc3 Kd5 47. Kb3 Rc4 48. Kb2 Kd4 49. Kb3 Kd3 50. Kb2 Rb4+ 51. Ka2 Kc2 52.
Ka3 Kc3 53. Ka2 Rxg4 54. Ka3 Kc2 55. Ka2 Ra4# 0-1

[Event "New Zealand Major Open 2016"]
[Site "Devonport, Auckland NZL"]
[Date "2016.01.06"]
[Round "5.24"]
[White "Oka, Tsukasa"]
[Black "Vincent, David A"]
[Result "0-1"]
[WhiteElo "599"]
[BlackElo "1273"]
[PlyCount "66"]
[EventDate "2016.01.02"]

1. e4 e6 2. d4 d5 3. Nc3 Nf6 4. e5 Nfd7 5. Nf3 c5 6. Bf4 Nc6 7. Bb5 Qb6 8. Be3
cxd4 9. Bxd4 Nxd4 10. Nxd4 Be7 11. O-O a6 12. Na4 Qc7 13. Bxd7+ Bxd7 14. Nc3
Qxe5 15. Re1 Qf6 16. Qd3 O-O 17. Rad1 Bd6 18. g3 Rfe8 19. f4 Bc5 20. Kf1 Rac8
21. Nf3 h6 22. h4 Bd6 23. Kg2 b5 24. Ne5 Bc6 25. Nxc6 b4 26. Qxa6 bxc3 27. bxc3
Qxc3 28. Nd4 Bb4 29. Re2 Qc5 30. a3 Bc3 31. Nb5 Ra8 32. Qb7 Reb8 33. Qxb8+ Rxb8
0-1

[Event "New Zealand Major Open 2016"]
[Site "Devonport, Auckland NZL"]
[Date "2016.01.06"]
[Round "5.25"]
[White "Oka, Itsuki"]
[Black "Nylund, Timothy"]
[Result "1-0"]
[WhiteElo "362"]
[BlackElo "1400"]
[PlyCount "71"]
[EventDate "2016.01.02"]

1. d4 d5 2. c4 e6 3. Nc3 c5 4. Nf3 Nc6 5. e3 Nf6 6. Bd3 cxd4 7. exd4 Bb4 8. Bd2
dxc4 9. Bxc4 Nxd4 10. Qa4+ Nc6 11. Bb5 Bd6 12. Bxc6+ bxc6 13. Qxc6+ Bd7 14.
Qxd6 Qa5 15. O-O-O Rc8 16. Kb1 Bc6 17. Bg5 Bxf3 18. Bxf6 gxf6 19. gxf3 Rd8 20.
Qc6+ Ke7 21. Rxd8 Rxd8 22. Qb5 Qxb5 23. Nxb5 Rg8 24. Rc1 Rg2 25. Rc7+ Kf8 26.
Rxa7 Rxh2 27. Nd6 h5 28. Rxf7+ Kg8 29. a4 Rxf2 30. Rxf6 Kg7 31. Rxe6 Rxf3 32.
a5 h4 33. a6 h3 34. Re1 h2 35. a7 Rg3 36. Nf5+ 1-0